[Event "WR Chess Masters 2023 - Tie Break"]
[Site "Dusseldorf"]
[Date "25.02.2023"]
[Round "TB2"]
[White "Nepomniachtchi, Ian"]
[Black "Aronian, Levon"]
[Result "0-1"]
[WhiteTitle ""]
[BlackTitle ""]
[WhiteElo "2793"]
[BlackElo "2736"]
[WhiteFideId "4168119"]
[BlackFideId "13300474"]
[EventDate "2023.02.25"]

1. c4 Nf6 2. Nc3 e5 3. Nf3 Nc6 4. a3 d5 5. cxd5 Nxd5 6. Qc2 Nxc3 7. bxc3 Bd6 8.
e3 O-O 9. d4 Bg4 10. Bd3 Bxf3 11. gxf3 Qh4 12. Bb2 g6 13. d5 Na5 14. c4 b6 15.
O-O-O Nb7 16. Rdg1 Nc5 17. Bf1 f5 18. Rg3 Rae8 19. Rhg1 Rf7 20. Kb1 Kf8 21. Rh3
Qf6 22. Be2 Ke7 23. Bd1 Kd8 24. Qe2 Qe7 25. Bc2 Kc8 26. Ka2 Qd7 27. Rhg3 f4 28.
Rg4 e4 29. exf4 exf3 30. Qxf3 Kb7 31. f5 Be5 32. d6+ c6 33. Bxe5 Rxe5 34. Rd1
gxf5 35. Rg8 Qe6 36. Qc3 Rd7 37. Kb1 Ne4 38. Bxe4 fxe4 39. Qd4 Qxg8 40. Qxe5
Qxc4 41. Qg3 Qe6 42. Kb2 c5 43. Qf4 Rf7 44. Qe3 Kc6 45. Kb1 Rd7 46. Qf4 Qb3+ 0-1